Chick Flick Match Quiz Stats

 Plays Quiz Updated Jul 2, 2017

Support Sporcle.
Go Orange.
Score 0/18 Timer 05:00
0 Plays Today
% Correct
Carrie Bradshaw
93.4%
Elle Woods
90.4%
Sandy Olsson
89.8%
Frances 'Baby' Houseman
87.5%
Cher Horowitz
77.2%
Sally Albright
76.7%
Gracie Hart
76%
Cady Heron
75.3%
Mia Thermopolis
74.7%
% Correct
Vivian Ward
74.4%
Kat Stratford
63%
Allie Hamilton
59.5%
Annie Walker
55.6%
Molly Jensen
54.9%
Torrance Shipman
51.1%
Julia Sullivan
49.1%
Iris Simpkins
44.4%
Rosalee Futch
24.2%

You're not logged in!

Compare scores with friends on all Sporcle quizzes.
OR
Log In
Forgot?

From the Vault

Foursomes from Sets (Music)

by enough

What are you waiting four?
Remove Ads.
Support Sporcle.
Get the best of Sporcle when you Go Orange. This ad-free experience offers more features, more stats, and more fun while also helping to support Sporcle. Thank you for becoming a member.

Show Comments

Extras

Top Quizzes Today


Score Distribution

Your Account Isn't Verified!

In order to create a playlist on Sporcle, you need to verify the email address you used during registration. Go to your Sporcle Settings to finish the process.

Report this User

Report this user for behavior that violates our Community Guidelines.

Details: